[Event "Sao Paulo Sampa op"]
[Site "Sao Paulo"]
[Date "2024.02.02"]
[Round "6"]
[White "Bastos, Danillo Alves"]
[Black "Batista, Renato Luiz"]
[Result "0-1"]
[WhiteElo "1667"]
[BlackElo "2174"]
[PlyCount "64"]
[EventDate "2024.01.29"]
[EventType "swiss"]
[EventRounds "9"]
[EventCountry "BRA"]
[SourceTitle "CB06_2024"]
[SourceDate "2024.02.07"]
[SourceVersion "1"]
[SourceVersionDate "2024.02.07"]
[SourceQuality "1"]

1. d4 Nf6 2. c4 g6 3. Nc3 Bg7 4. e4 d6 5. f3 0-0 6. Be3 Na6 7. Nge2 c5 8. Qd2 Be6 9. Ng3 cxd4 10. Bxd4 Qa5 11. Be2 Rfc8 12. b3 Nb4 13. 0-0 Nc6 14. Be3 Ng4 15. Nd5 Nxe3 16. Qxa5 Nxa5 17. Nxe3 Bxa1 18. Rxa1 a6 19. f4 f6 20. f5 Bf7 21. Nd5 Bxd5 22. exd5 Rab8 23. Bd3 g5 24. Ne4 b5 25. c5 dxc5 26. d6 c4 27. bxc4 bxc4 28. Bc2 exd6 29. Nxf6+ Kg7 30. Ne4 d5 31. f6+ Kf7 32. Rf1 dxe4 0-1

[Event "Paulista-chTA"]
[Site "Sao Paulo"]
[Date "2023.03.05"]
[Round "5"]
[White "Quintiliano Pinto, Renato Rodrigues"]
[Black "Batista, Renato Luiz"]
[Result "1-0"]
[WhiteElo "2513"]
[BlackElo "2174"]
[PlyCount "86"]
[EventDate "2023.03.03"]
[EventType "team-tourn"]
[EventRounds "5"]
[EventCountry "BRA"]
[SourceTitle "CBM 213 Extra"]
[Source "ChessBase"]
[SourceDate "2023.05.31"]
[SourceVersion "1"]
[SourceVersionDate "2023.05.31"]
[SourceQuality "1"]
[WhiteTeam "Osasco"]
[BlackTeam "LXSBC"]
[WhiteTeamCountry "BRA"]
[BlackTeamCountry "BRA"]

1. Nf3 c5 2. c4 Nf6 3. Nc3 g6 4. d4 cxd4 5. Nxd4 Nc6 6. e4 d6 7. Be2 Bg7 8. Be3 0-0 9. 0-0 Bd7 10. h3 Nxd4 11. Bxd4 Bc6 12. Qc2 Qc7 13. Rad1 Rfc8 14. Rfe1 Nd7 15. Bxg7 Kxg7 16. b3 a6 17. Nd5 Qd8 18. Bg4 b5 19. Qb2+ Kg8 20. Bxd7 Bxd7 21. cxb5 axb5 22. e5 Be6 23. exd6 Bxd5 24. dxe7 Qa5 25. e8Q+ Rxe8 26. Rxe8+ Rxe8 27. Rxd5 Qe1+ 28. Kh2 b4 29. Qd4 h5 30. Rb5 Qe2 31. Rxb4 Qxa2 32. Rb7 Qe2 33. Qf4 Qe6 34. Rb8 Kg7 35. Rxe8 Qxe8 36. b4 Qb5 37. Qd6 f5 38. Qe7+ Kh6 39. h4 Qc4 40. g3 Qf1 41. Qc5 Kg7 42. b5 f4 43. gxf4 Qe2 1-0

[Event "Titled Tuesday intern op 17th Jan Late"]
[Site "Chess.com INT"]
[Date "2023.01.17"]
[Round "1"]
[White "Rangel, Daniel"]
[Black "Batista, Renato Luiz"]
[Result "1-0"]
[WhiteElo "2220"]
[BlackElo "2174"]
[PlyCount "77"]
[EventDate "2023.01.17"]
[EventType "swiss (blitz)"]
[EventRounds "11"]
[EventCountry "USA"]
[SourceTitle "CBM 212 Extra"]
[Source "ChessBase"]
[SourceDate "2023.03.31"]
[SourceVersion "1"]
[SourceVersionDate "2023.03.31"]
[SourceQuality "1"]

1. c4 c5 2. g3 Nf6 3. Bg2 g6 4. Nc3 Bg7 5. e3 d6 6. Nge2 0-0 7. 0-0 Nc6 8. b3 Bd7 9. Bb2 Rb8 10. d3 a6 11. Qd2 b5 12. Nd5 e6 13. Nxf6+ Bxf6 14. Bxf6 Qxf6 15. Rac1 Rfd8 16. cxb5 axb5 17. d4 cxd4 18. Bxc6 Bxc6 19. Rxc6 dxe3 20. fxe3 Qe5 21. Qd4 Ra8 22. Nc3 b4 23. Na4 Qg5 24. Rc7 Rf8 25. Qf4 Qxf4 26. gxf4 Rfd8 27. Rfc1 Kg7 28. Rb7 Kf6 29. Rcc7 Rf8 30. Rxb4 Kf5 31. Kf2 d5 32. Rbb7 f6 33. Rxh7 Rac8 34. Rhc7 Rce8 35. Nc3 Rh8 36. Ne2 Rxh2+ 37. Kf3 g5 38. Ng3+ Kg6 39. Rg7+ 1-0

[Event "Titled Tuesday intern op 03rd Jan Late"]
[Site "Chess.com INT"]
[Date "2023.01.03"]
[Round "5"]
[White "Lutz, Igor Oscar"]
[Black "Batista, Renato Luiz"]
[Result "0-1"]
[WhiteElo "2022"]
[BlackElo "2174"]
[PlyCount "82"]
[EventDate "2023.01.03"]
[EventType "swiss (blitz)"]
[EventRounds "11"]
[EventCountry "USA"]
[SourceTitle "EXT 2024"]
[Source "ChessBase"]
[SourceDate "2023.10.10"]
[SourceVersion "1"]
[SourceVersionDate "2023.10.10"]
[SourceQuality "1"]

1. d4 Nf6 2. c4 g6 3. Nc3 Bg7 4. e4 d6 5. Nf3 0-0 6. Be2 e5 7. Be3 Nc6 8. d5 Ne7 9. Nd2 Nd7 10. b4 f5 11. f3 f4 12. Bf2 g5 13. c5 Ng6 14. Nc4 Rf6 15. cxd6 cxd6 16. Nb5 Bf8 17. Nxa7 Nh4 18. Rg1 Rg6 19. g3 Nxf3+ 20. Bxf3 Nf6 21. gxf4 exf4 22. Nxc8 Rxc8 23. Bb6 Qe8 24. Qd4 Bg7 25. Qd3 Nd7 26. Nxd6 Rxd6 27. Bd4 Ne5 28. Bxe5 Qxe5 29. Ke2 Rc3 30. Qb5 Re3+ 31. Kf2 Qb2+ 32. Be2 h6 33. Rae1 Bd4 34. Qe8+ Kh7 35. Qf7+ Bg7 36. Qf5+ Rg6 37. h4 Qd4 38. Kf1 f3 39. h5 fxe2+ 40. Rxe2 Qd1+ 41. Kf2 Qxe2# 0-1

[Event "Sao Paulo Hebraica op 27th"]
[Site "Sao Paulo"]
[Date "2020.01.12"]
[Round "5"]
[White "Batista, Renato Luiz"]
[Black "Canonico, Rodrigo"]
[Result "1-0"]
[WhiteElo "2193"]
[BlackElo "1700"]
[PlyCount "35"]
[EventDate "2020.01.10"]
[EventType "swiss"]
[EventRounds "6"]
[EventCountry "BRA"]
[SourceTitle "CBM 194 Extra"]
[Source "ChessBase"]
[SourceDate "2020.03.31"]
[SourceVersion "1"]
[SourceVersionDate "2020.03.31"]
[SourceQuality "1"]

1. e4 e5 2. Nf3 Nc6 3. Bc4 Nf6 4. 0-0 Nxe4 5. Bd5 Nf6 6. Bxc6 bxc6 7. Nxe5 Bc5 8. d4 Bb6 9. Bg5 0-0 10. Ng4 Kh8 11. c4 a6 12. c5 Ba7 13. Qf3 d5 14. Nxf6 h6 15. Qh5 Bf5 16. Bxh6 Bg6 17. Qh4 gxf6 18. Bxf8+ 1-0

[Event "Sao Bernardo do Campo op"]
[Site "Sao Bernardo do Campo"]
[Date "2018.12.09"]
[Round "4"]
[White "Gerbelli Neto, Eduardo"]
[Black "Batista, Renato Luiz"]
[Result "0-1"]
[WhiteElo "2124"]
[BlackElo "2177"]
[PlyCount "70"]
[EventDate "2018.12.07"]
[EventType "swiss"]
[EventRounds "5"]
[EventCountry "BRA"]
[SourceTitle "EXT 2021"]
[Source "ChessBase"]
[SourceDate "2020.10.23"]
[SourceVersion "1"]
[SourceVersionDate "2020.10.23"]
[SourceQuality "1"]

1. e4 c5 2. Nf3 d6 3. Bb5+ Nd7 4. a4 Ngf6 5. Nc3 g6 6. a5 a6 7. Bc4 e6 8. 0-0 Bg7 9. d4 0-0 10. Re1 cxd4 11. Nxd4 Qc7 12. Bf1 Ne5 13. Nb3 Rd8 14. f4 Nc4 15. Bxc4 Qxc4 16. Be3 Bf8 17. Bb6 Re8 18. Ra4 Qc6 19. Qd3 d5 20. e5 Nd7 21. Nd4 Bc5 22. Kf1 Bxd4 23. Qxd4 Nxb6 24. axb6 Bd7 25. Ra3 Rac8 26. Rd1 Qc4+ 27. Ke1 Bb5 28. Nxb5 Qxb5 29. Rb3 Qa5+ 30. c3 Rc4 31. Qf2 Qa4 32. Rb4 Rxb4 33. cxb4 Qxb4+ 34. Kf1 Rc8 35. g3 Qe4 0-1

[Event "Sao Bernardo do Campo op"]
[Site "Sao Bernardo do Campo"]
[Date "2018.12.09"]
[Round "5"]
[White "Zampronha, Wladimir Camilo"]
[Black "Batista, Renato Luiz"]
[Result "1/2-1/2"]
[WhiteElo "2156"]
[BlackElo "2177"]
[PlyCount "25"]
[EventDate "2018.12.07"]
[EventType "swiss"]
[EventRounds "5"]
[EventCountry "BRA"]
[SourceTitle "EXT 2021"]
[Source "ChessBase"]
[SourceDate "2020.10.23"]
[SourceVersion "1"]
[SourceVersionDate "2020.10.23"]
[SourceQuality "1"]

1. e4 c5 2. Nf3 d6 3. d4 cxd4 4. Nxd4 Nf6 5. Nc3 a6 6. Bg5 Nbd7 7. f4 e6 8. Qf3 Qc7 9. 0-0-0 Be7 10. Bd3 h6 11. Bh4 g5 12. e5 gxh4 13. exf6 1/2-1/2

[Event "Aldeia de Barueri op"]
[Site "Aldeia de Barueri"]
[Date "2017.08.04"]
[Round "1"]
[White "Batista, Renato Luiz"]
[Black "Takiguchi, Angelica Tidori"]
[Result "1-0"]
[WhiteElo "2175"]
[BlackElo "1692"]
[PlyCount "99"]
[EventDate "2017.08.04"]
[EventType "swiss"]
[EventRounds "6"]
[EventCountry "BRA"]
[SourceTitle "CBM 180 Extra"]
[Source "ChessBase"]
[SourceDate "2017.10.06"]
[SourceVersion "1"]
[SourceVersionDate "2017.10.06"]
[SourceQuality "1"]

1. e4 c5 2. Nf3 Nc6 3. d4 cxd4 4. Nxd4 g6 5. Nc3 Bg7 6. Be3 Nf6 7. Bc4 0-0 8. Bb3 d6 9. h3 Bd7 10. 0-0 Rc8 11. f4 a6 12. Qd2 Qc7 13. Rae1 Na5 14. Qd3 Nc4 15. Bc1 Qc5 16. Kh1 b5 17. Nd1 e6 18. c3 b4 19. Nc2 bxc3 20. Nxc3 Rfd8 21. Rd1 Ne8 22. Ne3 Na5 23. Na4 Qa7 24. Rfe1 Bb5 25. Qd2 Nxb3 26. axb3 Rc7 27. Qa5 Rdc8 28. Nb6 Rb8 29. Nbc4 Bxc4 30. Nxc4 Rc5 31. Be3 Rxa5 32. Bxa7 Rab5 33. Bxb8 Rxb8 34. Nxd6 Nf6 35. Re3 Nh5 36. g3 Bxb2 37. Nc4 Bg7 38. Rd6 Bf8 39. Rxa6 Rd8 40. e5 Bc5 41. Rf3 Rd1+ 42. Kh2 Rc1 43. Ra8+ Kg7 44. g4 Rc2+ 45. Kh1 Rc1+ 46. Kg2 Rc2+ 47. Kf1 Ng3+ 48. Rxg3 Rf2+ 49. Ke1 Rxf4 50. Ke2 1-0

[Event "Sao Bernardo do Campo op"]
[Site "Sao Bernardo do Campo"]
[Date "2016.07.24"]
[Round "5"]
[White "Batista, Renato Luiz"]
[Black "Cordeiro da Silva, Felipe"]
[Result "1-0"]
[WhiteElo "2146"]
[BlackElo "1729"]
[PlyCount "109"]
[EventDate "2016.07.22"]
[EventType "swiss"]
[EventRounds "6"]
[EventCountry "BRA"]
[SourceTitle "EXT 2017"]
[Source "ChessBase"]
[SourceDate "2016.10.25"]
[SourceVersion "1"]
[SourceVersionDate "2016.10.25"]
[SourceQuality "1"]

1. e4 e5 2. Nf3 Nc6 3. Bb5 a6 4. Ba4 Nf6 5. 0-0 Be7 6. Bxc6 dxc6 7. Qe1 Qd6 8. d4 Qb4 9. c3 Qa5 10. Nxe5 0-0 11. Nd2 c5 12. d5 Qa4 13. f4 Ng4 14. Nxg4 Bxg4 15. f5 f6 16. Qh4 Be2 17. Re1 Bd3 18. b3 Qa5 19. Bb2 Rae8 20. Re3 c4 21. Rh3 h6 22. Qg4 Bc5+ 23. Kh1 Kf7 24. Qg6+ Ke7 25. b4 Qb6 26. Qxg7+ Rf7 27. Qxh6 Kd7 28. a4 Bf2 29. Qf4 Bc5 30. Rxd3 Bd6 31. Nxc4 Bxf4 32. Nxb6+ cxb6 33. g3 Be5 34. Kg2 Rh8 35. h3 Kd6 36. Re1 Re8 37. h4 Rg7 38. Kh3 Reg8 39. Rg1 Rg4 40. Re3 Bf4 41. Rf3 Be5 42. Rg2 R8g7 43. Re3 Bf4 44. Rd3 Be5 45. c4 Rxe4 46. Bxe5+ fxe5 47. Rc2 Re1 48. c5+ bxc5 49. bxc5+ Kc7 50. d6+ Kc6 51. Rb3 Rh1+ 52. Kg2 Rxh4 53. Rb6+ Kd5 54. d7 Rh8 55. Rd6+ 1-0

[Event "Sao Bernardo do Campo op"]
[Site "Sao Bernardo do Campo"]
[Date "2016.07.24"]
[Round "6"]
[White "Saito, Vinicius Ikezu"]
[Black "Batista, Renato Luiz"]
[Result "1/2-1/2"]
[WhiteElo "2117"]
[BlackElo "2146"]
[PlyCount "20"]
[EventDate "2016.07.22"]
[EventType "swiss"]
[EventRounds "6"]
[EventCountry "BRA"]
[SourceTitle "EXT 2017"]
[Source "ChessBase"]
[SourceDate "2016.10.25"]
[SourceVersion "1"]
[SourceVersionDate "2016.10.25"]
[SourceQuality "1"]

1. d4 Nf6 2. Nf3 g6 3. c4 Bg7 4. Nc3 d6 5. e4 0-0 6. h3 Nbd7 7. Be3 e5 8. d5 a6 9. Be2 Ne8 10. g4 Nc5 1/2-1/2

[Event "Sao Bernardo do Campo LXSBC STD I"]
[Site "Sao Bernardo do Campo"]
[Date "2016.05.21"]
[Round "4.1"]
[White "Batista, Renato Luiz"]
[Black "Zampronha, Wladimir Camilo"]
[Result "1/2-1/2"]
[WhiteElo "2128"]
[BlackElo "2166"]
[PlyCount "60"]
[EventDate "2016.05.20"]
[EventType "swiss"]
[EventRounds "6"]
[EventCountry "BRA"]
[SourceTitle "EXT 2022"]
[Source "ChessBase"]
[SourceDate "2021.10.06"]
[SourceVersion "1"]
[SourceVersionDate "2021.10.06"]
[SourceQuality "1"]

1. e4 c6 2. d4 d5 3. Nd2 dxe4 4. Nxe4 Bf5 5. Ng3 Bg6 6. Nf3 Nd7 7. h4 h6 8. h5 Bh7 9. Bd3 Bxd3 10. Qxd3 Ngf6 11. Bd2 e6 12. 0-0-0 Qc7 13. Ne4 0-0-0 14. g3 Nc5 15. Nxc5 Bxc5 16. Bf4 Bd6 17. Bxd6 Rxd6 18. Qa3 Kb8 19. Ne5 Rhd8 20. Qe3 Qe7 21. c4 Ka8 22. g4 Nd7 23. c5 Rd5 24. Nc4 f5 25. gxf5 Rxf5 26. Nd6 Rd5 27. f4 Qf6 28. Ne4 Qf7 29. Nd6 Qf6 30. Ne4 Qf7 1/2-1/2

[Event "Baeta Neves op 3rd"]
[Site "Baeta Neves"]
[Date "2015.09.24"]
[Round "2"]
[White "Nascimento, Jose Eduardo Campos"]
[Black "Batista, Renato Luiz"]
[Result "0-1"]
[WhiteElo "1805"]
[BlackElo "2134"]
[PlyCount "54"]
[EventDate "2015.09.24"]
[EventType "swiss"]
[EventRounds "6"]
[EventCountry "BRA"]
[SourceTitle "EXT 2016"]
[Source "ChessBase"]
[SourceDate "2015.10.08"]
[SourceVersion "1"]
[SourceVersionDate "2015.10.08"]
[SourceQuality "1"]

1. e4 c5 2. d4 cxd4 3. c3 d3 4. Bxd3 Nc6 5. Nf3 d6 6. Na3 g6 7. Nc4 Bg7 8. Bf4 Nf6 9. h3 0-0 10. Qd2 Be6 11. Ne3 Qa5 12. Ng5 Bd7 13. a4 Nh5 14. Nc4 Qc7 15. Be3 Na5 16. Qe2 Nb3 17. Ra3 Nc5 18. Bc2 b5 19. Nd2 Nxa4 20. Bxa4 bxa4 21. g4 Nf6 22. Bd4 e5 23. Be3 h6 24. Ngf3 Qb7 25. Ra2 Nxe4 26. Nxe4 Qxe4 27. Bd2 Qc2 0-1